|
|
|
|
| LEADER |
01344nam a2200349 4500 |
| 001 |
DLU110116199 |
| 005 |
##20110217 |
| 040 |
# |
# |
|a DLU
|b vie
|
| 041 |
# |
# |
|a vie
|
| 044 |
# |
# |
|a vn
|
| 082 |
# |
# |
|a 660.283
|b NG-B
|
| 100 |
# |
# |
|a Nguyễn Bin,
|c GS.TSKH.
|
| 245 |
# |
# |
|a Các quá trình, thiết bị trong công nghệ hoá chất và thực phẩm.
|n t.V,
|p các quá trình hoá học /
|c Nguyễn Bin
|
| 260 |
# |
# |
|a H. :
|b Khoa học Kỹ thuật,
|c 2005.
|
| 300 |
# |
# |
|a 320 tr. ;
|c 24 cm.
|
| 504 |
# |
# |
|a Tài liệu tham khảo :tr.315.
|
| 505 |
# |
# |
|a Chương 1. Phương trình dòng -- Chương 2. Phương trình tỷ lượng -- Chương 3. Nhiệt động hoá học -- Chương 4. Động hoá học của phản ứng -- Chương 5. Tính toán thiết bị phản ứng -- Chương 6. Ví dụ và bài tập.
|
| 650 |
# |
# |
|a Công nghiệp chế biến sản phẩm và thực phẩm
|x Thiết bị và cung cấp.
|
| 650 |
# |
# |
|a Công nghiệp hoá chất
|x Thiết bị và cung cấp.
|
| 650 |
# |
# |
|a Công nghiệp và kinh doanh thực phẩm
|x Thiết bị và cung cấp.
|
| 923 |
# |
# |
|a 01/2010HH
|
| 990 |
# |
# |
|a t.V
|
| 991 |
# |
# |
|a GT
|
| 992 |
# |
# |
|a 44000
|
| 994 |
# |
# |
|a KHH
|
| 900 |
# |
# |
|a True
|
| 911 |
# |
# |
|a Đào Thị Thu Huyền
|
| 925 |
# |
# |
|a G
|
| 926 |
# |
# |
|a A
|
| 927 |
# |
# |
|a SH
|
| 980 |
# |
# |
|a Thư viện Trường Đại học Đà Lạt
|